Sports Quiz

Random Sports or Football Quiz

NCAA Most Appearances per Bowl Game Quiz Stats

 Plays Quiz Updated Dec 28, 2014

Challenge
Share
Tweet
Embed
Score 0/101 Timer 08:00
2 Plays Today
Bowl Game School/Team % Correct
Sun Bowl13 Teams tied with 3 appearances.
99.1%
Citrus Bowl8 Teams tied with 3 appearances.
97.8%
Sugar BowlFlorida Gators
96.8%
Gator (TaxSlayer) BowlFlorida Gators
96.8%
Citrus BowlFlorida Gators
96.8%
Sun BowlTexas Longhorns
96.7%
Cotton BowlTexas Longhorns
96.7%
Liberty Bowl7 Teams tied with 3 appearances.
96.6%
Rose BowlMichigan Wolverines
96.6%
Gator (TaxSlayer) Bowl5 Teams tied with 4 appearances.
96.6%
Citrus BowlMichigan Wolverines
96.6%
Rose BowlAlabama Crimson Tide
96.6%
Orange BowlAlabama Crimson Tide
96.6%
Sugar BowlAlabama Crimson Tide
96.6%
Cotton BowlAlabama Crimson Tide
96.6%
Liberty BowlAlabama Crimson Tide
96.6%
Rose BowlUSC Trojans
96.5%
Fiesta Bowl5 Teams tied with 3 appearances.
96.5%
Rose BowlOhio State Buckeyes
95.1%
Citrus BowlOhio State Buckeyes
95.1%
Fiesta BowlOhio State Buckeyes
95.1%
Orange BowlFlorida State Seminoles
94.9%
Sugar BowlFlorida State Seminoles
94.9%
Gator (TaxSlayer) BowlFlorida State Seminoles
94.9%
Fiesta BowlFlorida State Seminoles
94.9%
Cotton Bowl6 Teams tied with 4 appearances.
94.8%
Sugar BowlOhio State Buckeyes
94.5%
Orange BowlOklahoma Sooners
92.7%
Sugar BowlOklahoma Sooners
92.7%
Fiesta BowlOklahoma Sooners
92.7%
Rose BowlOregon Ducks
92%
Sun BowlOregon Ducks
92%
Sugar BowlGeorgia Bulldogs
91.8%
Citrus BowlGeorgia Bulldogs
91.8%
Bowl Game School/Team % Correct
Peach (Chick-fil-A) BowlGeorgia Bulldogs
91.8%
Rose BowlUCLA Bruins
91.2%
Sun BowlUCLA Bruins
90.8%
Orange BowlNebraska Cornhuskers
90.3%
Fiesta BowlNebraska Cornhuskers
90.3%
Orange BowlLSU Tigers
89.8%
Sugar BowlLSU Tigers
89.8%
Cotton BowlLSU Tigers
89.8%
Peach (Chick-fil-A) BowlLSU Tigers
89.8%
Orange BowlMiami Hurricanes
89.5%
Fiesta BowlMiami Hurricanes
89.5%
Citrus BowlMiami (Ohio) Redhawks
89.3%
Rose BowlWashington Huskies
88.2%
Sun BowlWashington Huskies
88.2%
Orange BowlPenn State Nittany Lions
87.5%
Citrus BowlPenn State Nittany Lions
87.5%
Fiesta BowlPenn State Nittany Lions
87.5%
Rose BowlWisconsin Badgers
86.2%
Orange BowlNotre Dame Fighting Irish
85%
Cotton BowlNotre Dame Fighting Irish
85%
Fiesta BowlNotre Dame Fighting Irish
85%
Sugar BowlTennessee Volunteers
84.1%
Cotton BowlTennessee Volunteers
84.1%
Gator (TaxSlayer) BowlTennessee Volunteers
84.1%
Citrus BowlTennessee Volunteers
84.1%
Peach (Chick-fil-A) BowlTennessee Volunteers
84.1%
Sugar BowlAuburn Tigers
83.4%
Gator (TaxSlayer) BowlAuburn Tigers
83.4%
Citrus BowlAuburn Tigers
83.4%
Peach (Chick-fil-A) BowlAuburn Tigers
83.4%
Sun BowlArizona State Sun Devils
83.3%
Sugar BowlOle Miss Rebels
82.7%
Cotton BowlOle Miss Rebels
82.7%
Liberty BowlOle Miss Rebels
82.7%
Bowl Game School/Team % Correct
Rose BowlStanford Cardinal
81.8%
Fiesta BowlArizona State Sun Devils
80.8%
Peach (Chick-fil-A) BowlVirginia Cavaliers
79%
Gator (TaxSlayer) BowlNorth Carolina Tar Heels
77.3%
Peach (Chick-fil-A) BowlNorth Carolina Tar Heels
77.3%
Sun BowlNorth Carolina Tar Heels
77.2%
Orange BowlGeorgia Tech Yellow Jackets
77.1%
Gator (TaxSlayer) BowlGeorgia Tech Yellow Jackets
77.1%
Peach (Chick-fil-A) BowlGeorgia Tech Yellow Jackets
77.1%
Sugar BowlArkansas Razorbacks
76.9%
Cotton BowlArkansas Razorbacks
76.9%
Liberty BowlArkansas Razorbacks
76.9%
Cotton BowlTexas A&M Aggies
76.4%
Orange BowlColorado Buffaloes
75.6%
Gator (TaxSlayer) BowlClemson Tigers
75.6%
Peach (Chick-fil-A) BowlClemson Tigers
75.6%
Orange BowlClemson Tigers
75.4%
Rose BowlCalifornia Golden Bears
75.3%
Gator (TaxSlayer) BowlVirginia Tech Hokies
73.3%
Peach (Chick-fil-A) BowlVirginia Tech Hokies
73.3%
Sun BowlTexas Tech Red Raiders
72.5%
Liberty BowlMississippi State Bulldogs
71.8%
Fiesta BowlPittsburgh Panthers
63.3%
Cotton BowlTCU Horned Frogs
61.5%
Gator (TaxSlayer) BowlWest Virginia Mountaineers
61.3%
Peach (Chick-fil-A) BowlWest Virginia Mountaineers
61.3%
Peach (Chick-fil-A) BowlNorth Carolina State Wolfpack
57.4%
Liberty BowlLouisville Cardinals
53.9%
Liberty BowlAir Force Falcons
30.3%
Sun BowlUTEP Miners
29.7%
Liberty BowlEast Carolina Pirates
11.4%
Sun BowlHardin-Simmons Cowboys
3.3%
Citrus BowlEast Texas State Lions
2.2%

You're not logged in!

Compare scores with friends on all Sporcle quizzes.
Join for Free
OR
Log In

You Might Also Like...

Show Comments

Extras

Top Quizzes Today


Score Distribution

Your Account Isn't Verified!

In order to create a playlist on Sporcle, you need to verify the email address you used during registration. Go to your Sporcle Settings to finish the process.

Report this User

Report this user for behavior that violates our Community Guidelines.

Details: